Data mining : concepts and techniques (Record no. 173774)
[ view plain ]
| 000 -LEADER | |
|---|---|
| fixed length control field | 00382nam a2200145Ia 4500 |
| 008 - FIXED-LENGTH DATA ELEMENTS--GENERAL INFORMATION | |
| fixed length control field | 231217s9999 xx 000 0 und d |
| 041 ## - LANGUAGE CODE | |
| Language code of text/sound track or separate title | English |
| 082 ## - DEWEY DECIMAL CLASSIFICATION NUMBER | |
| Classification number | 005.7 HAN;6 |
| 100 ## - MAIN ENTRY--PERSONAL NAME | |
| Personal name | Han, Jiawei Kamber, Micheline |
| 245 #0 - TITLE STATEMENT | |
| Title | Data mining : concepts and techniques |
| 260 ## - PUBLICATION, DISTRIBUTION, ETC. | |
| Date of publication, distribution, etc. | 2001 |
| Name of publisher, distributor, etc. | Morgan Kaufmann, |
| 300 ## - PHYSICAL DESCRIPTION | |
| Extent | xxiv+550 |
| 650 ## - SUBJECT ADDED ENTRY--TOPICAL TERM | |
| Topical term or geographic name entry element | Mining,:,techniques |
| 942 ## - ADDED ENTRY ELEMENTS (KOHA) | |
| Koha item type | Books |
| Date last seen | Total checkouts | Full call number | Accession number | Cost, total (INR) price | Price effective from | Category | Public note | Lost status | Damaged status | Department | Withdrawn status | Home library | Current library | Shelving location | Entry date | Vendor | Cost, normal purchase price | Grants | Billnumber | Billdate | Currency symbol | Conversion rate | Discount | Old discount |
|---|---|---|---|---|---|---|---|---|---|---|---|---|---|---|---|---|---|---|---|---|---|---|---|---|
| 26/01/2024 | 005.7 HAN;6 | 31534 | 236.00 | 26/01/2024 | Books | repl/is/10705 | Central Library | Central Library | Central Library | Central Library | 19/01/2005 | Sai Books | 295.00 | IS | 172 | 23/08/2007 | RS | 1 | 59 | 20 |
